quiz d'anglais - Statistiques

Statistiques générales
  • Ce quiz a été pris 438 fois
  • Le résultat moyen est 7 sur 15
Statistiques - réponses
Hint Réponse % Correct
Water Eau
100%
Window fenêtre
96%
Tennager Adolescent
83%
Similar Similaire
79%
Bench banc
69%
Scarf écharpe
57%
Data Données
47%
Efficient Efficace
43%
Tire Pneu
31%
Rent Loyer
27%
Calf Mollet
19%
Benefit Avantage
17%
Significant Important
15%
Chore Corvée
13%
Feature Caractéristique
9%
Aucun quiz correspondant
Distribution des résultats
% des personnes avec chaque résultat
Percentile par nombre de réponses
Votre historique - résultats
Vous n’avez pas pris ce quiz